The good confessor

שמור ב:
מידע ביבליוגרפי
מחבר ראשי: Kelly, Gerald S. J.
פורמט: ספר
שפה:Undetermined
יצא לאור: New York, Estados Unidos The sentinel Press 1951
מהדורה:5
נושאים:
תגים: הוספת תג
אין תגיות, היה/י הראשונ/ה לתייג את הרשומה!

MARC

LEADER 00000nam a2200000Ia 4500
008 170316s9999 xx 000 0 und d
090 |a 810 K-7g 
100 |a Kelly, Gerald S. J. 
245 4 |a The good confessor 
250 |a 5 
260 |a New York, Estados Unidos 
260 |b The sentinel Press 
260 |c 1951 
300 |a 96 páginas 
650 |a LITERATURA ESTADOUNIDENSE 
999 |c 21238  |d 21238 
040 |a cru BVZT 
942 |c 15 D  |h 810 K-7g  |2 z